[Event "UGA-ch"]
[Site "Kampala"]
[Date "2011.12.13"]
[Round "8"]
[White "Muwanga, Patrick"]
[Black "Chabo, Lenard"]
[Result "0-1"]
[WhiteElo "1950"]
[BlackElo "1950"]
[PlyCount "31"]
[EventDate "2011.12.05"]
[EventType "swiss"]
[EventRounds "10"]
[EventCountry "UGA"]
[SourceTitle "EXT 2013"]
[Source "ChessBase"]
[SourceDate "2012.11.22"]
[SourceVersion "1"]
[SourceVersionDate "2012.11.22"]
[SourceQuality "1"]

1. e4 d5 2. exd5 Qxd5 3. Nc3 Qa5 4. d4 Nf6 5. Be2 c6 6. Nf3 e6 7. 0-0 Be7 8. Re1 h6 9. Bd2 Qc7 10. Bf1 b5 11. Ne4 Bb7 12. Nc5 Nfd7 13. b4 a5 14. a3 axb4 15. axb4 0-0 16. Qe2 0-1